[Event "Danish Club Cup 2021"]
[Site "Koge"]
[Date "2021.06.26"]
[Round "2.2"]
[White "Thogersen, Rasmus"]
[Black "Schandorff, Lars"]
[Result "0-1"]
[WhiteElo "2300"]
[BlackElo "2463"]
[EventDate "2021.06.25"]
[EventType "team-tourn"]
[EventRounds "5"]
[EventCountry "DEN"]
[WhiteTeam "SK1968"]
[BlackTeam "Hillerod"]

1. e4  e5  2. Nf3  Nc6  3. Bb5  a6  4. Ba4  Nf6  5. O-O  Be7  6. Re1  b5  7. Bb3  d6 
8. c3  O-O  9. h3  Na5  10. Bc2  c5  11. d4  Qc7  12. Nbd2  Bd7  13.
Nf1  Rfe8  14. Ng3  cxd4  15. cxd4  Rac8  16. Bb1  h6  17. b3  Nc6  18. Bb2  Bf8  19. Qd2  g6  20. Bd3  Bg7  21. d5  Na5  22. Qe3  Qb8  23.
Nd2  Rc7  24. Rec1  Rec8  25. Ne2  Ne8  26. Bc3  Nb7  27. b4  Nd8  28.
g4  Qa7  29. Qf3  Nf6  30. Nb3  h5  31. g5 
Nh7  32. Qg3  Be8  33. Kh2  f6  34. gxf6  Bxf6  35. Bd2  Rxc1  36. Bxc1 
Qe7  37. Be3  Bh4  38. Qf3  Nf7  39. Na5  Nfg5  40. Qg2  Bd7  41. Ng1  Rc3
 42. Be2  Qf6  43. a4  Rc2  44. Bd3  Rc3  45.
axb5  axb5  46. Be2  Rc2  47. Bd3  Rb2  48. Nc6  Bxf2  49. Rf1  Bxg1+ 
50. Kh1  Rxg2  51. Rxf6  Bxe3  52. Rxg6+  Kf7   0-1

[Event "Danish Club Cup 2021"]
[Site "Koge"]
[Date "2021.06.26"]
[Round "2.3"]
[White "Borge, Nikolaj"]
[Black "Matthiesen, Martin"]
[Result "0-1"]
[WhiteElo "2365"]
[BlackElo "2296"]
[EventDate "2021.06.25"]
[EventType "team-tourn"]
[EventRounds "5"]
[EventCountry "DEN"]
[WhiteTeam "Hillerod"]
[BlackTeam "SK1968"]

1. e4  e5  2. Nf3  Nc6  3. d4  exd4  4. Nxd4  Nf6  5.
Nxc6  bxc6  6. e5  Qe7  7. Qe2  Nd5  8. h4  d6  9. c4  Nb6  10. Bf4  Ba6  11. exd6  cxd6  12. Nd2  O-O-O  13. Rh3  Qxe2+  14. Bxe2  d5  15. Rc1
 Bb4  16. cxd5  Bxe2  17. Rxc6+  Kb7  18. Rxb6+  axb6  19. Kxe2  Rhe8+  20.
Be3  Rxd5  21. Nb3  Be7  22. h5  Bf6  23. h6  g6  24. Rf3  Rf5  25.
Nd2  Bxb2  26. Nc4  Be5  27. Rxf5  gxf5  28. Bxb6  Bc7+  29. Kf3  Re4  30. Bxc7  Rxc4  31. Bd6 
Kc6  32. Bf8  f4  33. a3  Kd5  34. Bb4  Ke5  35. Bd2  Kf5  36. g3  fxg3
 37. fxg3  Rd4  38. Ke3  Ra4  39. Bc1  Kg4  40. Kf2  Ra6  41. Kg2  Rc6
 42. Bf4  Rc2+  43. Kf1  Ra2  44. Bd6  Kf3  45. Ke1  Re2+  46. Kd1 
Re6  47. Bc7  Ra6   0-1

[Event "Danish Club Cup 2021"]
[Site "Koge"]
[Date "2021.06.26"]
[Round "2.4"]
[White "Ramsdal, Jens Albert"]
[Black "Ostergaard, Jens"]
[Result "1-0"]
[WhiteElo "2263"]
[BlackElo "2226"]
[EventDate "2021.06.25"]
[EventType "team-tourn"]
[EventRounds "5"]
[EventCountry "DEN"]
[WhiteTeam "SK1968"]
[BlackTeam "Hillerod"]

1. d4  Nf6  2. c4  e6  3. Nc3  d5 
4. cxd5  exd5  5. Bg5  Be7  6. e3  c6  7. Bd3  O-O  8. Qc2  Nbd7  9. Nge2
 Re8  10. h3  Nf8  11. O-O-O  Be6  12. g4 
Rc8  13. Ng3  b5  14. Kb1  Rc7  15. Bf4  Rb7  16. g5  N6d7  17. h4  Nb6
 18. Rdg1  g6  19. h5  Bd6  20. hxg6  fxg6 
21. Rh6  Rg7  22. b3  a5  23. Bxd6  Qxd6  24. Nce4  dxe4  25. Nxe4  Qd8  26. Nf6+  Kf7  27. Qxc6  Nd5  28. Nxe8  Qxe8  29.
Qxe8+  Kxe8  30. Bxb5+  Bd7  31. Bc4  Bc6  32. Rh4  Re7  33. Kb2  Nb6  34.
Rc1  Kd7  35. d5  Nxc4+  36. bxc4  Bb7  37. e4  Re5  38. c5  Ke7  39.
Kc3  Rxg5  40. Kd4  Rg2  41. c6  Ba6  42. Rf4  g5  43. d6+  Kxd6  44.
Rxf8  h5  45. c7   1-0

[Event "Danish Club Cup 2021"]
[Site "Koge"]
[Date "2021.06.26"]
[Round "2.5"]
[White "Jaksland, Tim"]
[Black "Hansen, Lars"]
[Result "1-0"]
[WhiteElo "2218"]
[BlackElo "2191"]
[EventDate "2021.06.25"]
[EventType "team-tourn"]
[EventRounds "5"]
[EventCountry "DEN"]
[WhiteTeam "Hillerod"]
[BlackTeam "SK1968"]

1. e4 
c5  2. c3  e6  3. d4  d5  4. exd5  exd5  5.
Nf3  Nc6  6. Bb5  cxd4  7. Nxd4  Bd7  8. O-O  Bd6  9. Re1+  Nge7  10.
Bg5  O-O  11. Bd3  Re8  12. Nd2  h6  13. Bh4  Nxd4  14. cxd4  Qb6 
15. Bxe7  Bxe7  16. Nf3  Bg4  17. h3  Bh5  18. Re5  Bxf3  19. Qxf3  Bf6 
20. Rxd5  Bxd4  21. Bc4  Re7  22. Rd1  Bf6  23. b3  Rae8  24. g3  a6  25.
Kg2  Qc7  26. a4  Qb6  27. Rd7  Qb4  28. R1d3 
a5  29. Qf5  Qb6  30. R3d6  Qb4  31. Rxe7   1-0

[Event "Danish Club Cup 2021"]
[Site "Koge"]
[Date "2021.06.26"]
[Round "2.6"]
[White "Hardlei, Johan"]
[Black "Nordenbaek, Jan"]
[Result "1-0"]
[WhiteElo "2098"]
[BlackElo "2201"]
[EventDate "2021.06.25"]
[EventType "team-tourn"]
[EventRounds "5"]
[EventCountry "DEN"]
[WhiteTeam "SK1968"]
[BlackTeam "Hillerod"]

1. Nf3  d5  2. g3  c6
 3. Bg2  Bg4  4. b3  Nd7  5. Bb2  e6  6. d3
 Ngf6  7. Nbd2  Be7  8. c4  O-O  9. O-O  Re8
 10. Re1  Bf8  11. Qc2  Qb6  12. e4  dxe4  13. Nxe4  Nxe4  14. dxe4 
Rad8  15. Rad1  Bxf3  16. Bxf3
 e5  17. Re2  a5  18. Red2  Qc7  19. Rd3 
Be7  20. Qd2  Nf8  21. Bg4  Rxd3  22. Qxd3  Bc5  23. Bc3  b6  24. Qc2 
Qe7  25. Rd3  Rd8  26. Rxd8  Qxd8  27. Bxe5  Qg5  28. Bf5  g6  29. Bf4 
Qe7  30. Bh3  g5  31. Bc1  Bd4  32. Qd2  Qxe4  33. Qxg5+  Ng6  34. Be3 
c5  35. Bf5  Bxe3  36. Qd8+   1-0

[Event "Danish Club Cup 2021"]
[Site "Koge"]
[Date "2021.06.26"]
[Round "2.1"]
[White "Marchena Hurtado, Javier"]
[Black "Hillarp Persson, Tiger"]
[Result "1/2-1/2"]
[WhiteElo "2364"]
[BlackElo "2538"]
[EventDate "2021.06.25"]
[EventType "team-tourn"]
[EventRounds "5"]
[EventCountry "DEN"]
[WhiteTeam "Obro"]
[BlackTeam "Bronshoj"]

1. d4  Nf6  2. c4  g6  3. Nf3  Bg7
 4. g3  c5  5. Bg2  cxd4  6. Nxd4  O-O  7. O-O
 Nc6  8. Nc3  Qa5  9. Nb3  Qh5  10. e4  d6  11. Qxh5  Nxh5  12. c5  dxc5  13. Nxc5  Rb8  14. Be3  b6  15. Nb3 
Nb4  16. Nd4  Ba6  17. Rfd1  Rbd8  18. a3  Bxd4  19. axb4  Bxe3  20. Rxa6 
Rxd1+  21. Nxd1  Bd4  22. Rxa7
 e5  23. Bf3  Nf6  24. Rc7  Ra8  25. Kg2  Ra4
 26. Be2  Nxe4  27. Nc3  Bxc3  28. bxc3  Ra2  29. Bd3  Nd2  30. Bc4 
Nxc4  31. Rxc4  Kg7   1/2-1/2

[Event "Danish Club Cup 2021"]
[Site "Koge"]
[Date "2021.06.26"]
[Round "2.2"]
[White "Bromann, Thorbjorn"]
[Black "Nielsen, Viktor Haarmark"]
[Result "1/2-1/2"]
[WhiteElo "2386"]
[BlackElo "2298"]
[EventDate "2021.06.25"]
[EventType "team-tourn"]
[EventRounds "5"]
[EventCountry "DEN"]
[WhiteTeam "Bronshoj"]
[BlackTeam "Obro"]

1. d4  d5  2. Bg5  h6  3. Bh4  c5
 4. dxc5  g5  5. Bg3  Bg7  6. c3  Na6  7. h4
 Nxc5  8. hxg5  hxg5  9. Rxh8  Bxh8  10. Qc2 
Ne4  11. Bh2  Qb6  12. e3  g4  13. Ne2  Bf5  14. Qb3  Nc5  15. Qxb6 
axb6  16. Nc1  Kd8  17. Nd2  e5  18. f3  Ne7  19. Be2  gxf3  20. gxf3  Bf6
 21. Bg3  Kc7  22. b4  Nd7  23. e4  Be6  24.
Nd3  Rg8  25. Kf2  Ng6  26. a4  Bg5  27. exd5  Bxd5  28. Ne4  Be7  29.
c4  Be6  30. a5  f5  31. axb6+  Kxb6  32. Nec5  Nxc5  33. Nxc5  f4  34.
Nxe6  fxg3+  35. Ke3  g2  36. c5+  Kc6  37. Rd1  b5  38. Bd3  Kb7  39.
Ra1  Nf8  40. Nxf8  g1=Q+  41. Rxg1  Rxg1  42. Nd7  Bg5+  43. Kf2  Rd1  44. Nxe5  Bh4+  45. Ke3 
Re1+  46. Kd4  Bf6  47. f4  Rd1  48. Ke3  Re1+  49. Kd2  Bxe5  50. fxe5 
Rxe5  51. Bxb5  Rh5  52. Kc3  Rh3+  53. Kc4  Rh4+  54. Kb3  Rh2  55. Bc4 
Kc6  56. Ka4  Rh1  57. Bb5+  Kc7  58. Ka5  Ra1+  59. Ba4  Rc1  60. Kb5  Rc3
 61. Bd1  Rc1  62. Bf3  Rf1  63. Be4  Rf4  64. Bc2  Rf2  65. Bd3  Rf3
 66. Kc4  Rf4+  67. Kc3  Kc6  68. Be2  Rf2  69. Bh5  Rf8  70. Bd1  Kb5
 71. Be2+  Kc6  72. Bg4  Rf4  73. Bh5  Rf8  74. Bd1  Kb5  75. Bc2  Rf4
 76. Bd3+  Kc6  77. Be2  Rf2  78. Bh5   1/2-1/2

[Event "Danish Club Cup 2021"]
[Site "Koge"]
[Date "2021.06.26"]
[Round "2.3"]
[White "Hansen, Soren Bech"]
[Black "Vasli, Aref"]
[Result "1/2-1/2"]
[WhiteElo "2274"]
[BlackElo "2384"]
[EventDate "2021.06.25"]
[EventType "team-tourn"]
[EventRounds "5"]
[EventCountry "DEN"]
[WhiteTeam "Obro"]
[BlackTeam "Bronshoj"]

1. e4  e5  2. Bc4  Nf6  3. d3  Bc5  4. Nf3  Nc6  5. O-O  O-O  6. Re1  d6  7. a4
 h6  8. h3  a6 
9. c3  Nh5  10. d4  Ba7  11. dxe5  dxe5  12. Qxd8  Rxd8  13. Na3  Nf4  14. Be3  Bxe3  15. Rxe3 
Kf8  16. h4  Bg4  17. g3  Ng6  18. Nh2  Bc8  19. Kf1  Ke7  20. Ke2  Bd7
 21. b4  a5  22. b5  Na7  23. Bb3  Nc8  24.
Nf1  Nf8  25. Bd5  c6  26. bxc6  bxc6  27. Ba2  Nb6  28. Nc4  Nxc4  29. Bxc4
 Rab8  30. Ra2  Ne6  31. Nd2  Nc5  32. Kd1 
Bc8  33. Kc2  g5  34. hxg5  hxg5  35. Nb3  Nxb3  36. Bxb3  f5  37. Ra1 
Rh8  38. Rd1  Rh2  39. Rd2  f4  40. Red3  Bg4  41. Bc4  Rh1  42. Bb3  Rb7
 43. gxf4  gxf4  44. f3  Bh3  45. Rd6  Bd7  46. Rg6  Rh7  47. Bg8  Rh3
 48. Rg7+  Kf8  49. Rdxd7  Rxd7  50. Rxd7  Kxg8  51. Rd3  Rh2+  52. Kb3 
Kf7  53. Kc4  Re2  54. Rd6  Re3  55. Rxc6  Rxf3  56. Kd5  Rd3+  57. Kxe5  f3  58. c4  Rc3  59. Rf6+  Ke7  60. Rf5   1/2-1/2

[Event "Danish Club Cup 2021"]
[Site "Koge"]
[Date "2021.06.26"]
[Round "2.4"]
[White "Hoi, Carsten"]
[Black "Christensen, Janus"]
[Result "1-0"]
[WhiteElo "2350"]
[BlackElo "2118"]
[EventDate "2021.06.25"]
[EventType "team-tourn"]
[EventRounds "5"]
[EventCountry "DEN"]
[WhiteTeam "Bronshoj"]
[BlackTeam "Obro"]

1. d4  e6  2. e4  d5  3. exd5  exd5  4. Nf3
 Bd6  5. c4  c6  6. Nc3  Nf6  7. Bg5  Be6  8. Qb3  Qe7  9. O-O-O  dxc4  10. Bxc4  Bxc4 
11. Qxc4  O-O  12. Rhe1  Qd8  13. d5  cxd5  14. Rxd5  Qc7  15. Qxc7  Bxc7  16. Bxf6  gxf6  17. Re4  Nc6  18. Rh5  Ne5  19. Nd5  Bd8  20. Nxe5  fxe5  21. Rhxe5  f5  22. Rc4 
b5  23. Rc6  a5  24. Kc2  Ra7  25. f4  b4  26. g3  Rb7  27. Ne3  Rbf7  28. Rc8  Bb6  29. Rxf8+  Kxf8  30. Nxf5  Bg1  31. Rxa5  Rc7+  32. Kb3   1-0

[Event "Danish Club Cup 2021"]
[Site "Koge"]
[Date "2021.06.26"]
[Round "2.5"]
[White "Christensen, Christian Sylvester"]
[Black "Meyling, Morten"]
[Result "1-0"]
[WhiteElo "2111"]
[BlackElo "2220"]
[EventDate "2021.06.25"]
[EventType "team-tourn"]
[EventRounds "5"]
[EventCountry "DEN"]
[WhiteTeam "Obro"]
[BlackTeam "Bronshoj"]

1. d4  Nf6  2. c4  e6  3. g3  Bb4+  4. Bd2  Qe7  5. Bg2  O-O  6. a3  Bxd2+  7. Qxd2  d6
 8. Nc3  a5  9. b3  e5  10. Nf3  Nc6  11. O-O
 e4  12. Ng5  Bf5  13. d5  Ne5  14. Qf4  Bg4
 15. Ngxe4  Nxe4  16. Qxe4  f5  17. Qd4  Qf6  18. Rad1  Rae8  19. Rd2 
Qh6  20. f4  Nd7  21. e4  Nc5  22. Rb2  fxe4  23. Nxe4  Nxe4  24. Bxe4 
b6  25. Rbb1  Re7  26. Bd3  Rfe8  27. Qc3  Be2  28. Rfe1  Qh5  29. Bxe2 
Rxe2  30. h4  Qf5  31. Rxe2  Rxe2  32. Re1  Qe4  33. Rxe2  Qxe2  34. b4  a4
 35. c5  bxc5  36. bxc5  Qd1+  37. Kh2  Qxd5  38. cxd6  Qa2+  39. Kh3  Qe6+  40. Kh2  cxd6  41. Qd4
 Qe2+  42. Kg1  Qf3  43. Qxa4  Qxg3+  44. Kf1  Qh3+  45. Ke2  Qe6+  46.
Kd3  d5  47. Qa8+  Kf7  48. Kd4  Qe4+  49. Kc5  Qc4+  50. Kb6  Qd4+  51. Kc6  Qxf4  52. Qa7+  Kf6  53. Kxd5  Qf3+  54. Kd6
 Qe4  55. Qf2+  Kg6  56. Qg3+  Kf7  57. Qe5 
Qxh4  58. Qf5+  Qf6+  59. Qxf6+
 Kxf6  60. a4  g5  61. a5  g4  62. a6  Kg7
 1-0

[Event "Danish Club Cup 2021"]
[Site "Koge"]
[Date "2021.06.26"]
[Round "2.6"]
[White "Thuesen, Mogens Henrik"]
[Black "Skou, Niels"]
[Result "0-1"]
[WhiteElo "2208"]
[BlackElo "2039"]
[EventDate "2021.06.25"]
[EventType "team-tourn"]
[EventRounds "5"]
[EventCountry "DEN"]
[WhiteTeam "Bronshoj"]
[BlackTeam "Obro"]

1. d4  Nf6  2. c4 
e6  3. Nc3  d5  4. Bg5  Be7  5. cxd5  exd5  6. Qc2  c6  7. e3  Nbd7  8. Bd3  h6  9. Bf4  Nh5  10. Nxd5  cxd5  11.
Bc7  Bb4+   0-1

[Event "Danish Club Cup 2021"]
[Site "Koge"]
[Date "2021.06.26"]
[Round "3.1"]
[White "Hector, Jonny"]
[Black "Hansen, Sune Berg"]
[Result "1-0"]
[WhiteElo "2485"]
[BlackElo "2533"]
[EventDate "2021.06.25"]
[EventType "team-tourn"]
[EventRounds "5"]
[EventCountry "DEN"]
[WhiteTeam "Nordkalotten"]
[BlackTeam "Hillerod"]

1. e4  e5  2. Nf3  Nc6  3. Nc3  Nf6  4. d4  exd4  5. Nd5  Be7  6. Bc4
 O-O  7. O-O  d6  8. Nxd4  Nxd4  9. Qxd4 
Nxd5  10. Bxd5  Bf6  11. Qd3  Qe7  12. c3  Re8  13. Bd2  c6  14. Bb3  Be6
 15. Bc2  g6  16. Rae1  d5  17. exd5  Rad8  18. Bb3  cxd5  19. Ba4 
Rf8  20. Bh6  Bg7  21. Bxg7  Kxg7  22. Qd4+  Qf6  23. Re5  Rd6  24. Rfe1 
a6  25. h4  h5  26. Bc2  Kg8  27. R1e3  Bg4  28. Bb3  Rfd8  29. Bc2 
Rc8  30. Bd3  Rcd8  31. b4  Bd7  32. Bc2  Be6  33. a4  b6  34. Bb3  a5  35. b5  R8d7  36. Bd1  Rc7  37. Be2  Kg7  38.
Bd3  Bg4  39. f3  Bd7  40. g4  hxg4  41. fxg4 
Bxg4  42. Qxg4  Rxc3  43. Qg3  Rd8  44. Rf3  Qd6  45. h5  Rg8  46. hxg6  f6
 47. Re1   1-0

[Event "Danish Club Cup 2021"]
[Site "Koge"]
[Date "2021.06.26"]
[Round "3.2"]
[White "Schandorff, Lars"]
[Black "Brynell, Stellan"]
[Result "1/2-1/2"]
[WhiteElo "2463"]
[BlackElo "2419"]
[EventDate "2021.06.25"]
[EventType "team-tourn"]
[EventRounds "5"]
[EventCountry "DEN"]
[WhiteTeam "Hillerod"]
[BlackTeam "Nordkalotten"]

1. Nf3 
Nf6  2. c4  b6  3. d4  e6  4. g3  Ba6  5. b3  Bb7  6. Bg2  Bb4+  7. Bd2  a5  8. O-O  O-O  9. Qc2  d6  10. Bc3  Nbd7  11. a3  Bxc3  12.
Nxc3  d5  13. Rfd1  Qe7  14. Ne5  Rfd8  15. Qb2  c6  16. Nxd7  Nxd7  17. Rac1  Rab8  18. e3 
Ba6  19. Bf1   1/2-1/2

[Event "Danish Club Cup 2021"]
[Site "Koge"]
[Date "2021.06.26"]
[Round "3.3"]
[White "Jogstad, Martin"]
[Black "Borge, Nikolaj"]
[Result "0-1"]
[WhiteElo "2334"]
[BlackElo "2365"]
[EventDate "2021.06.25"]
[EventType "team-tourn"]
[EventRounds "5"]
[EventCountry "DEN"]
[WhiteTeam "Nordkalotten"]
[BlackTeam "Hillerod"]

1. c4 c5 2. g3 g6 3. Bg2 Bg7 4. Nf3
Nc6 5. O-O d6 6. Nc3 Bf5 7. a3 Qd7 8. Re1 b6 9. d3 Rc8 10. Bd2 Nf6 11. Rb1 Bh3
12. Bh1 h6 13. Qc1 Qf5 14. b4 Qh5 15. b5 Nd8 16. Qc2 Ne6 17. Nd5 Nxd5 18. cxd5
Ng5 19. Bc3 O-O 20. Bxg7 Kxg7 21. Nd2 Bg4 22. Nc4 f5 23. f4 Nh3+ 24. Kf1 Nxf4
25. gxf4 Qxh2 26. Bg2 h5 27. Kf2 h4 28. Rh1 Qg3+ 29. Kg1 h3 30. Qb2+ Kf7 31.
Rh2 Rh8 32. d4 Rh5 33. Qd2 Rch8 34. Qe3 Qxe3+ 35. Nxe3 hxg2 36. Nxg4 fxg4 37.
Rxh5 Rxh5 38. Kxg2 Rxd5 39. Kg3 Rxd4 40. Rh1 g5 41. e4 gxf4+ 42. Kxf4 d5 43.
Kxg4 Rxe4+  0-1

[Event "Danish Club Cup 2021"]
[Site "Koge"]
[Date "2021.06.26"]
[Round "3.4"]
[White "Ostergaard, Jens"]
[Black "Kristensen, Kaare Hove"]
[Result "1/2-1/2"]
[WhiteElo "2226"]
[BlackElo "2340"]
[EventDate "2021.06.25"]
[EventType "team-tourn"]
[EventRounds "5"]
[EventCountry "DEN"]
[WhiteTeam "Hillerod"]
[BlackTeam "Nordkalotten"]

1. d4 Nf6 2. Nf3 b6 3. g3 Bb7 4. Bg2 g6 5. O-O Bg7 6. c4 O-O 7. Nc3 Ne4 8.
Bd2 c5 9. e3 cxd4 10. Nxd4 Nxc3 11. Bxc3  Bxg2 
 1/2-1/2

[Event "Danish Club Cup 2021"]
[Site "Koge"]
[Date "2021.06.26"]
[Round "3.5"]
[White "Sylvan, Jacob"]
[Black "Jaksland, Tim"]
[Result "1-0"]
[WhiteElo "2313"]
[BlackElo "2218"]
[EventDate "2021.06.25"]
[EventType "team-tourn"]
[EventRounds "5"]
[EventCountry "DEN"]
[WhiteTeam "Nordkalotten"]
[BlackTeam "Hillerod"]

1. e4 e5 2. Nf3 Nc6 3. Bb5 a6 4.
Ba4 Nf6 5. O-O Be7 6. d3 b5 7. Bb3 d6 8. c3 O-O 9. Re1 Na5 10. Bc2 c5 11. Nbd2
Nc6 12. Nf1 Be6 13. Ng3 g6 14. h3 Rc8 15. Ng5 Bd7 16. Nf3 Qc7 17. a3 Nd8 18.
Ng5 Ne6 19. Nxe6 Bxe6 20. f4 exf4 21. Bxf4 Nd7 22. Nf5 Bxf5 23. exf5 Bf6 24.
Qg4 Ne5 25. Qg3 Qd8 26. Rf1 Re8 27. fxg6 hxg6 28. Qf2 Qd7 29. Rad1 Bg7 30. Bb1
Re6 31. Kh1 Rce8 32. Rde1 c4 33. dxc4 bxc4 34. Qd2 d5 35. Rd1 Nd3 36. Bxd3 cxd3
37. Qxd3 Re2 38. Rd2 Rxd2 39. Bxd2 Qc6 40. Qf3 Re7 41. Bg5 Rb7 42. Rf2 Qc4 43.
Bf6 Qc6 44. Bxg7 Kxg7 45. Qe3 Qe6 46. Qd4+ Kg8 47. b4 Rc7 48. Rd2 Rc4 49. Qxd5
Qxd5 50. Rxd5 Rxc3 51. Ra5 Rc6 52. h4 Kf8 53. Kh2 Ke7 54. Kh3 Re6 55. g3 Kd7
56. Kg4 Kc7 57. Kg5 Kb6 58. g4 Re3 59. h5 gxh5 60. gxh5 Rh3 61. Kf6 Rf3+ 62.
Rf5 Rxa3 63. h6 Rb3 64. h7  1-0

[Event "Danish Club Cup 2021"]
[Site "Koge"]
[Date "2021.06.26"]
[Round "3.6"]
[White "Nordenbaek, Jan"]
[Black "Ejsing, Esben"]
[Result "1-0"]
[WhiteElo "2201"]
[BlackElo "2105"]
[EventDate "2021.06.25"]
[EventType "team-tourn"]
[EventRounds "5"]
[EventCountry "DEN"]
[WhiteTeam "Hillerod"]
[BlackTeam "Nordkalotten"]

1. e4 c5 2. Nf3
a6 3. c4 Nc6 4. d4 cxd4 5. Nxd4 e5 6. Nb3 Nf6 7. Nc3 Bb4 8. Bd3 O-O 9. O-O Re8
10. Nd5 Nxd5 11. cxd5 Nb8 12. f4 exf4 13. Bxf4 Bf8 14. Qf3 d6 15. Be3 f6 16.
Qh5 Re5 17. Qh4 Qe8 18. Qg3 Qg6 19. Qxg6 hxg6 20. Rac1 Re8 21. e5 dxe5 22. Bxg6
Rd8 23. Bb6 Rd6 24. Rxc8 Rxb6 25. Rfc1 f5 26. Bxf5 Rf6 27. g4 g6 28. Be6+  1-0

[Event "Danish Club Cup 2021"]
[Site "Koge"]
[Date "2021.06.26"]
[Round "3.1"]
[White "Hillarp Persson, Tiger"]
[Black "Thybo, Jesper Sondergaard"]
[Result "0-1"]
[WhiteElo "2538"]
[BlackElo "2573"]
[EventDate "2021.06.25"]
[EventType "team-tourn"]
[EventRounds "5"]
[EventCountry "DEN"]
[WhiteTeam "Bronshoj"]
[BlackTeam "Koge"]

1. c4 c5
2. Nf3 Nc6 3. Nc3 e5 4. e3 Nf6 5. a3 d5 6. cxd5 Nxd5 7. Qc2 Be7 8. Bb5 O-O 9.
O-O Nxc3 10. dxc3 Qc7 11. Bd3 Kh8 12. b4 Be6 13. b5 Na5 14. c4 f5 15. Be2 e4
16. Nd2 Bd6 17. g3 Be5 18. Bb2 Rad8 19. Bxe5 Qxe5 20. Rad1 b6 21. Nb3 Nb7 22.
Rxd8 Rxd8 23. Rc1 Nd6 24. Qc3 Nf7 25. Qxe5 Nxe5 26. h4 h6 27. Kf1 g5 28. hxg5
hxg5 29. Rc2 Kg7 30. Nd2 g4 31. a4 Kf6 32. a5 Nf3 33. Bxf3 gxf3 34. Ke1 Kg5 35.
Nb1 Kg4  0-1

[Event "Danish Club Cup 2021"]
[Site "Koge"]
[Date "2021.06.26"]
[Round "3.2"]
[White "Rozentalis, Eduardas"]
[Black "Vasli, Aref"]
[Result "0-1"]
[WhiteElo "2526"]
[BlackElo "2384"]
[EventDate "2021.06.25"]
[EventType "team-tourn"]
[EventRounds "5"]
[EventCountry "DEN"]
[WhiteTeam "Koge"]
[BlackTeam "Bronshoj"]

1. e4 e5 2. Nc3 Nf6 3. g3 Bc5 4. Bg2 d6 5. Nf3 Nc6 6. d3 a6 7. O-O Bg4 8. h3
Be6 9. Kh2 h5 10. Ng5 Qd7 11. Nxe6 fxe6 12. Be3 O-O-O 13. Qd2 Rdf8 14. f4 Nd4
15. fxe5 dxe5 16. Rae1 Nh7 17. Nd1 Qe7 18. c3 Nc6 19. Bxc5 Qxc5 20. b4 Qe7 21.
a4 h4 22. Qe3 Rxf1 23. Rxf1 Rf8 24. b5 Nb8 25. Rxf8+ Nxf8 26. d4 axb5 27. axb5
Nbd7 28. gxh4 Qxh4 29. Nf2 Ng6 30. Qg3 Qf4 31. Qxf4 Nxf4 32. Bf1 Kd8 33. Kg3
Ke7 34. Kg4 Kf6 35. h4 c6 36. bxc6 bxc6 37. Kf3 Ke7 38. Ng4 Ng6 39. h5 Nf4 40.
Nxe5 Nxh5 41. Nxc6+ Kd6 42. Na5 g5 43. e5+ Nxe5+ 44. dxe5+ Kxe5 45. Nc4+ Kd5
46. Ne3+ Kc5 47. Ng4  0-1

[Event "Danish Club Cup 2021"]
[Site "Koge"]
[Date "2021.06.26"]
[Round "3.3"]
[White "Hoi, Carsten"]
[Black "Danielsen, Henrik"]
[Result "1/2-1/2"]
[WhiteElo "2350"]
[BlackElo "2516"]
[EventDate "2021.06.25"]
[EventType "team-tourn"]
[EventRounds "5"]
[EventCountry "DEN"]
[WhiteTeam "Bronshoj"]
[BlackTeam "Koge"]

1. d4
d5 2. c4 c6 3. Nf3 Nf6 4. Nc3 a6 5. e3 Bf5 6. Bd3 Bxd3 7. Qxd3 e6 8. O-O Be7 9.
b3 Nbd7 10. Bb2 O-O 11. Rfd1 Qc7 12. Rac1 Rad8 13. cxd5 exd5 14. Qf5 Qc8 15. h3
Nb6 16. Qc2 Rfe8 17. Ne5 Bd6 18. f4 Bb4 19. a3 Bxc3 20. Bxc3 Na8 21. Ba5 Rd6
22. Bb4 Rdd8 23. Ba5 Rd6 24. Bb4 Rdd8  1/2-1/2

[Event "Danish Club Cup 2021"]
[Site "Koge"]
[Date "2021.06.26"]
[Round "3.4"]
[White "Smith, Axel"]
[Black "Meyling, Morten"]
[Result "1-0"]
[WhiteElo "2449"]
[BlackElo "2220"]
[EventDate "2021.06.25"]
[EventType "team-tourn"]
[EventRounds "5"]
[EventCountry "DEN"]
[WhiteTeam "Koge"]
[BlackTeam "Bronshoj"]

1. e4 c5 2. Nc3 Nc6 3. Bb5 Nd4 4. Bc4 g6 5. Nf3 Bg7 6. Nxd4 cxd4 7.
Qf3 e6 8. Nb5 d6 9. Qa3 Ke7 10. c3 e5 11. cxd4 exd4 12. Qf3 Nf6 13. Nxd4 Qb6
14. Nc2 Qc6 15. d3 Bg4 16. Qe3 Rhe8 17. f3 Kf8 18. fxg4 Nxg4 19. Qe2 Ne5 20.
Bd5 Qb5 21. O-O Rac8 22. Na3  1-0

[Event "Danish Club Cup 2021"]
[Site "Koge"]
[Date "2021.06.26"]
[Round "3.5"]
[White "Thuesen, Mogens Henrik"]
[Black "Ahlander, Bjorn"]
[Result "0-1"]
[WhiteElo "2208"]
[BlackElo "2398"]
[EventDate "2021.06.25"]
[EventType "team-tourn"]
[EventRounds "5"]
[EventCountry "DEN"]
[WhiteTeam "Bronshoj"]
[BlackTeam "Koge"]

1. d4 c5 2. d5 e6 3. c4 exd5 4. cxd5 d6 5. Nc3 Ne7 6. e4 Ng6 7. f4 Be7 8. Nf3
a6 9. a4 O-O 10. Bc4 Bg4 11. O-O Nh4 12. Be2 Nxf3+ 13. Bxf3 Bxf3 14. Qxf3 Nd7
15. Be3 Bf6 16. Rad1 Bxc3 17. bxc3 Qa5 18. Qh3 Qxc3 19. Rf3 Qc2 20. Rdf1 Nf6
21. e5 dxe5 22. d6 exf4 23. Bxf4 Nd5 24. Be5 Qe4 25. Ba1 Rad8 26. Qh5 f6 27.
Rb3 Rxd6 28. Rxb7 Nf4 29. Qf3 Qxf3  0-1

[Event "Danish Club Cup 2021"]
[Site "Koge"]
[Date "2021.06.26"]
[Round "3.6"]
[White "Antonsen, Mikkel"]
[Black "Andersen, Soren Mikkel"]
[Result "1-0"]
[WhiteElo "2397"]
[BlackElo "2117"]
[EventDate "2021.06.25"]
[EventType "team-tourn"]
[EventRounds "5"]
[EventCountry "DEN"]
[WhiteTeam "Koge"]
[BlackTeam "Bronshoj"]

1. d4 d5 2. c4 c6 3. Nf3 Nf6 4. e3 e6 5. Bd3 Nbd7 6. O-O Bd6 7. Nbd2 O-O 8. e4
dxe4 9. Nxe4 Nxe4 10. Bxe4 c5 11. Bc2 cxd4 12. Qd3 g6 13. Qxd4 Be7 14. h4 Bf6
15. Qf4 e5 16. Qg3 Re8 17. Ng5 Nc5 18. h5 e4 19. hxg6 fxg6 20. Be3 Re5 21. Rad1
Qa5 22. a3 Nd3 23. c5 Bf5 24. Bb3+ Kg7 25. Nf7  1-0

[Event "Danish Club Cup 2021"]
[Site "Koge"]
[Date "2021.06.26"]
[Round "3.1"]
[White "Bank, Pelle Rodkjaer"]
[Black "Marchena Hurtado, Javier"]
[Result "1/2-1/2"]
[WhiteElo "2302"]
[BlackElo "2364"]
[EventDate "2021.06.25"]
[EventType "team-tourn"]
[EventRounds "5"]
[EventCountry "DEN"]
[WhiteTeam "SK1968"]
[BlackTeam "Obro"]

1. d4 d5 2. c4 c6 3. cxd5 cxd5 4. Bg5
h6 5. Bh4 Qb6 6. Nc3 e6 7. Qd2 Nc6 8. e3 Bd6 9. Bd3 Nge7 10. Nf3 Bd7 11. Bg3
Bxg3 12. hxg3 f6 13. Rc1 Qa5 14. a3 Rc8 15. O-O O-O 16. Bb1 Be8 17. Nh4 Bh5 18.
Rfe1 f5 19. Nf3 b5 20. Bd3 b4 21. Nb1 bxa3 22. bxa3 Bxf3 23. gxf3 Rb8 24. Qxa5
Nxa5 25. Rc5 Nec6 26. Bb5 Rb6 27. Ba4 Rfb8 28. Nc3 Ra6 29. Bb5 Rab6 30. Ba4 Ra6
31. Bb5 Rab6 32. Ba4  1/2-1/2